Produce complex desktop published documents : (Record no. 81941)
[ view plain ]
| 000 -LEADER | |
|---|---|
| fixed length control field | 00592nam a22001937a 4500 |
| 005 - DATE AND TIME OF LATEST TRANSACTION | |
| control field | 20140206114037.0 |
| 010 ## - LCCN (DPL NO) | |
| LC control number | ENG-109108 |
| 020 ## - INTERNATIONAL STANDARD BOOK NUMBER | |
| International Standard Book Number | 9789350620755 |
| Terms of availability | 250.00 |
| 035 ## - SYSTEM CONTROL NUMBER | |
| System control number | EN-92641 |
| 037 ## - SOURCE OF ACQUISITION | |
| Source of stock number/acquisition | DBAD/PUB |
| 082 ## - DEWEY DECIMAL CLASSIFICATION NUMBER | |
| Classification number | 005.52 |
| 100 ## - MAIN ENTRY--PERSONAL NAME | |
| Personal name | Price, Cheryl |
| 245 ## - TITLE STATEMENT | |
| Title | Produce complex desktop published documents : |
| Statement of responsibility, etc | by Cheryl Price [and] Julia Wix |
| Remainder of title | Publisher 2003 / |
| 260 ## - PUBLICATION, DISTRIBUTION, ETC. (IMPRINT) | |
| Place of publication, distribution, etc | New Delhi |
| Name of publisher, distributor, etc | Excel Books |
| Date of publication, distribution, etc | 2012 |
| 270 ## - ADDRESS | |
| Address | A- 45, Naraina, Phase 1 |
| City | New Delhi |
| Postal code | 110028 |
| 300 ## - PHYSICAL DESCRIPTION | |
| Extent | lxxi,260p. |
| Dimensions | 24cm(pbk) |
| 700 ## - ADDED ENTRY--PERSONAL NAME | |
| Personal name | Wix, Julia |
| 942 ## - ADDED ENTRY ELEMENTS (KOHA) | |
| Source of classification or shelving scheme | Dewey Decimal Classification |
| Item type | English Books |
| Call number suffix | PRI |
| Classification part | 005.52 |
| Withdrawn status | Lost status | Not for loan | Collection code | Home library | Current library | Date acquired | Source of acquisition | Cost, normal purchase price | Full call number | Barcode | Copy number | Cost, replacement price | Koha item type |
|---|---|---|---|---|---|---|---|---|---|---|---|---|---|
| Not For Loan | Non-fiction | D.B.Act.Division | D.B.Act.Division | 16/01/2014 | DBAD/PUB | 250.00 | 005.52 PRI | EN-92641 | 1 | 250.00 | English Books |
